[Event "Bosnjaci op 29th"]
[Site "Bosnjaci"]
[Date "2025.01.09"]
[Round "9"]
[White "Ljubicic, Mario"]
[Black "Zadravec, Matija"]
[Result "0-1"]
[WhiteElo "2115"]
[BlackElo "2283"]
[PlyCount "52"]
[EventDate "2025.01.03"]
[EventType "swiss"]
[EventRounds "9"]
[EventCountry "CRO"]
[SourceTitle "CB03_2025"]
[SourceDate "2025.01.15"]
[SourceVersion "1"]
[SourceVersionDate "2025.01.15"]
[SourceQuality "1"]

1. e4 e5 2. Nf3 Nc6 3. Bc4 Nf6 4. Ng5 d5 5. exd5 Na5 6. Bb5+ c6 7. dxc6 bxc6 8. Bd3 Ng4 9. Ne4 f5 10. Be2 h5 11. h3 fxe4 12. hxg4 Bc5 13. c3 0-0 14. Qa4 Rxf2 15. Qxe4 Rxe2+ 16. Qxe2 Bxg4 17. Qe4 Qf6 18. d4 exd4 19. Rf1 Qh4+ 20. Kd2 Rd8 21. b4 dxc3+ 22. Kxc3 Bd4+ 23. Qxd4 Rxd4 24. Kxd4 Bf3+ 25. g4 Qxg4+ 26. Ke5 Nc4# 0-1

[Event "Bosnjaci op 29th"]
[Site "Bosnjaci"]
[Date "2025.01.04"]
[Round "3"]
[White "Ljubicic, Mario"]
[Black "Zufic, Miroslav"]
[Result "1-0"]
[WhiteElo "2115"]
[BlackElo "2313"]
[PlyCount "117"]
[EventDate "2025.01.03"]
[EventType "swiss"]
[EventRounds "9"]
[EventCountry "CRO"]
[SourceTitle "CB03_2025"]
[SourceDate "2025.01.15"]
[SourceVersion "1"]
[SourceVersionDate "2025.01.15"]
[SourceQuality "1"]

1. e4 c5 2. Nf3 d6 3. d3 Nc6 4. g3 g6 5. Bg2 Bg7 6. 0-0 e5 7. c3 Nge7 8. a3 0-0 9. b4 a6 10. Be3 cxb4 11. axb4 Be6 12. Qd2 d5 13. Ng5 Bg4 14. exd5 Nxd5 15. Bc5 Nde7 16. Na3 Qd7 17. Nc4 Rad8 18. h3 Bf5 19. Nd6 Bh6 20. h4 Be6 21. Qe2 Bd5 22. Bxd5 Nxd5 23. Nde4 Bg7 24. Bxf8 Rxf8 25. Nc5 Qe7 26. Rac1 h6 27. Nf3 a5 28. Qe4 Rd8 29. b5 Qxc5 30. bxc6 bxc6 31. Nxe5 Nxc3 32. Nxc6 Rd6 33. Qe8+ Bf8 34. Nd8 Rf6 35. Qe1 Qd4 36. Qxc3 Qxd8 37. Qc8 Qxd3 38. Rcd1 Qf5 39. Qa8 Kg7 40. Rd5 Qf3 41. Rxa5 Qxa8 42. Rxa8 h5 43. Rc1 Rf5 44. Kg2 Bc5 45. Ra2 Bd4 46. Rd1 Bc3 47. Rd3 Bb4 48. Rf3 Re5 49. Ra7 Be7 50. Rb7 Re1 51. Re3 Rxe3 52. fxe3 Bd6 53. Kf3 Be5 54. g4 Bf6 55. Rb5 Bxh4 56. gxh5 f5 57. Kf4 Bd8 58. Rd5 Bc7+ 59. Kg5 1-0

[Event "Bosnjaci op 27th"]
[Site "Bosnjaci"]
[Date "2023.01.04"]
[Round "3"]
[White "Ljubicic, Mario"]
[Black "Muratovic, Efim"]
[Result "0-1"]
[WhiteElo "2018"]
[BlackElo "2300"]
[PlyCount "120"]
[EventDate "2023.01.03"]
[EventType "swiss"]
[EventRounds "9"]
[EventCountry "CRO"]
[SourceTitle "CBM 212 Extra"]
[Source "ChessBase"]
[SourceDate "2023.03.31"]
[SourceVersion "1"]
[SourceVersionDate "2023.03.31"]
[SourceQuality "1"]

1. e4 b6 2. Nf3 Bb7 3. d3 e6 4. g3 c5 5. Bg2 Nc6 6. 0-0 Nf6 7. Re1 Be7 8. Nbd2 d5 9. e5 Nd7 10. Qe2 b5 11. a4 a6 12. axb5 axb5 13. Rxa8 Qxa8 14. Nb3 Qa2 15. d4 c4 16. Nbd2 Nb4 17. Nf1 Qb1 18. Ne3 Na2 19. Qf1 0-0 20. Nd2 Qa1 21. Nf3 Ra8 22. b3 Nxc1 23. Rxc1 Qc3 24. Rb1 Bc6 25. Qd1 h6 26. h4 Nb6 27. Bf1 Qa5 28. Kg2 Be8 29. Ng1 Nd7 30. Ne2 f6 31. exf6 Nxf6 32. Nf4 Bf7 33. Ng4 Ne4 34. Rc1 Qd2 35. Be2 Qxd1 36. Bxd1 Ra2 37. Bf3 Ba3 38. Re1 Bb4 39. Rc1 Bd2 40. Rd1 Bxf4 41. gxf4 Nc3 42. Rc1 Bg6 43. Ne3 Kf7 44. h5 Be4 45. Bxe4 Nxe4 46. bxc4 dxc4 47. Kf3 Nc3 48. Ng4 Nd5 49. Rb1 Ra3+ 50. Kg2 Nxf4+ 51. Kg1 Ne2+ 52. Kg2 Nxd4 53. Rd1 Nxc2 54. Rd7+ Kf8 55. Ne5 Ne1+ 56. Kf1 Nd3 57. Ng6+ Ke8 58. Rd6 b4 59. Rxe6+ Kd7 60. Re7+ Kd6 0-1

[Event "Hvar Arsenal op"]
[Site "Hvar"]
[Date "2022.10.12"]
[Round "6"]
[White "Ljubicic, Mario"]
[Black "Novosel, Lovro"]
[Result "0-1"]
[WhiteElo "2011"]
[BlackElo "2207"]
[PlyCount "130"]
[EventDate "2022.10.08"]
[EventType "swiss"]
[EventRounds "9"]
[EventCountry "CRO"]
[SourceTitle "CBM 210 Extra"]
[Source "ChessBase"]
[SourceDate "2022.11.30"]
[SourceVersion "1"]
[SourceVersionDate "2022.11.30"]
[SourceQuality "1"]

1. e4 c5 2. Nf3 d6 3. d3 Nf6 4. g3 e6 5. Bg2 Be7 6. 0-0 0-0 7. Nbd2 Nc6 8. Re1 Qc7 9. Qe2 b6 10. h4 Bb7 11. Nf1 Rac8 12. c3 Ne5 13. Ne3 Rfd8 14. Nd2 Ba6 15. c4 Nc6 16. f4 b5 17. b3 Nd4 18. Qf2 bxc4 19. dxc4 Bb7 20. Bb2 Bc6 21. Bxd4 cxd4 22. Nc2 e5 23. Nb4 Ng4 24. Qe2 Ne3 25. f5 Bb7 26. Nf1 Nxg2 27. Kxg2 Qd7 28. Qf3 Re8 29. Nd3 g6 30. f6 Bd8 31. Nh2 Re6 32. g4 Bxf6 33. g5 Bg7 34. Ng4 f5 35. gxf6 Rf8 36. Rf1 Bxf6 37. a4 Bg7 38. Qe2 h5 39. Rxf8+ Bxf8 40. Nh2 Rf6 41. Rf1 Rxf1 42. Nxf1 a5 43. Ng3 Be7 44. c5 Bxh4 45. cxd6 Qxd6 46. Nf2 Qc5 47. Nfh1 Kg7 48. Kh3 Bg5 49. Qd3 Bc8+ 50. Kg2 Be6 51. Qa6 Bxb3 52. Nf2 Bf7 53. Qb7 Bh4 54. Qd7 Qe7 55. Qb5 Qg5 56. Nfh1 Bxg3 57. Nxg3 h4 58. Kh1 hxg3 59. Kg2 Qf4 60. Qd7 Qf2+ 61. Kh3 Qh2+ 62. Kg4 g2 63. Kf3 g1N+ 64. Kg4 Qh3+ 65. Kg5 Nf3# 0-1

[Event "Hvar Arsenal blitz op"]
[Site "Hvar"]
[Date "2022.10.11"]
[Round "1"]
[White "Babic Sisinacki, Fran"]
[Black "Ljubicic, Mario"]
[Result "0-1"]
[WhiteElo "1251"]
[BlackElo "1966"]
[PlyCount "67"]
[EventDate "2022.10.11"]
[EventType "swiss (blitz)"]
[EventRounds "11"]
[EventCountry "CRO"]
[SourceTitle "CBM 210 Extra"]
[Source "ChessBase"]
[SourceDate "2022.11.30"]
[SourceVersion "1"]
[SourceVersionDate "2022.11.30"]
[SourceQuality "1"]

1. e4 e5 2. Nf3 Nc6 3. Bc4 Nf6 4. d3 Bc5 5. Nc3 a6 6. Bg5 h6 7. Bh4 Be7 8. 0-0 d6 9. d4 Bg4 10. h3 Bxf3 11. Qxf3 Nxd4 12. Qd1 Ne6 13. Qe2 Nf4 14. Qf3 0-0 15. Rad1 Nd7 16. Bxe7 Qxe7 17. Nd5 Nxd5 18. Bxd5 Rab8 19. Qc3 Nb6 20. Bb3 Rbc8 21. Qb4 Qh4 22. Rd3 a5 23. Qxa5 Qxe4 24. Re3 Qd4 25. c3 Qf4 26. Qb5 Ra8 27. Qe2 Nd7 28. Rf3 Qh4 29. Bd5 c6 30. Bb3 Nc5 31. Bc2 Rxa2 32. b4 Ne6 33. Qd3 e4 34. Qe2 0-1

[Event "Hvar Arsenal op"]
[Site "Hvar"]
[Date "2022.10.10"]
[Round "4"]
[White "Ljubicic, Mario"]
[Black "Arnold, Jan1"]
[Result "1/2-1/2"]
[WhiteElo "2011"]
[BlackElo "1865"]
[PlyCount "144"]
[EventDate "2022.10.08"]
[EventType "swiss"]
[EventRounds "9"]
[EventCountry "CRO"]
[SourceTitle "CBM 210 Extra"]
[Source "ChessBase"]
[SourceDate "2022.11.30"]
[SourceVersion "1"]
[SourceVersionDate "2022.11.30"]
[SourceQuality "1"]

1. e4 e6 2. d3 d5 3. Qe2 Nf6 4. Nf3 Be7 5. g3 b6 6. e5 Nfd7 7. Bg2 c5 8. 0-0 Nc6 9. c4 d4 10. Bf4 Bb7 11. h4 h6 12. Re1 g5 13. hxg5 hxg5 14. Bd2 g4 15. Nh2 Ndxe5 16. Nxg4 Ng6 17. Na3 Qd7 18. Nc2 0-0-0 19. b4 e5 20. b5 Nb8 21. Bxb7+ Qxb7 22. Qe4 Nd7 23. Kg2 f5 24. Qxb7+ Kxb7 25. Nh2 Bf6 26. f3 Rdg8 27. Kh1 Rh3 28. Rg1 Rgh8 29. Rg2 e4 30. Rf1 e3 31. Bc1 Nde5 32. Ne1 f4 33. gxf4 Nxf4 34. Rc2 Nexd3 35. Nxd3 Nxd3 36. Rg2 Rxh2+ 37. Rxh2 Rxh2+ 38. Kxh2 e2 39. Rg1 e1Q 40. Rxe1 Nxe1 41. Kg3 Nd3 42. Bh6 Be5+ 43. Kg4 Kc7 44. Kf5 Kd7 45. Ke4 Ne1 46. Kxe5 Nxf3+ 47. Ke4 Nh4 48. Bf4 Ng6 49. Bb8 Ne7 50. Be5 Nc8 51. Bf4 Nd6+ 52. Kd3 Ke6 53. a4 Nf7 54. Ke4 Kd7 55. Kd5 Nd8 56. Ke4 Kc8 57. Bg3 Nb7 58. Bf4 Na5 59. Kd3 Nb3 60. Kc2 Na5 61. Kd3 Nb7 62. Ke4 Nd8 63. Bg3 Nf7 64. Bf4 Kd7 65. Kd5 Nd8 66. Ke4 Ne6 67. Bg3 Ng5+ 68. Kd3 Ke6 69. Bb8 Nf3 70. Ke4 Nd2+ 71. Kd3 Nf3 72. Ke4 Nd2+ 1/2-1/2

[Event "Hvar Arsenal op"]
[Site "Hvar"]
[Date "2022.10.09"]
[Round "3"]
[White "Descamps, Bert"]
[Black "Ljubicic, Mario"]
[Result "0-1"]
[WhiteElo "1779"]
[BlackElo "2011"]
[PlyCount "88"]
[EventDate "2022.10.08"]
[EventType "swiss"]
[EventRounds "9"]
[EventCountry "CRO"]
[SourceTitle "CBM 210 Extra"]
[Source "ChessBase"]
[SourceDate "2022.11.30"]
[SourceVersion "1"]
[SourceVersionDate "2022.11.30"]
[SourceQuality "1"]

1. e4 e5 2. Nf3 Nc6 3. Bc4 Nf6 4. d3 Bc5 5. 0-0 a6 6. a4 d6 7. h3 Ba7 8. c3 h6 9. Re1 0-0 10. Nbd2 Ne7 11. Nf1 c6 12. a5 Re8 13. Ng3 d5 14. Bb3 Ng6 15. Qc2 Qc7 16. Be3 Bxe3 17. fxe3 dxe4 18. Nxe4 Nxe4 19. dxe4 Be6 20. h4 Rad8 21. h5 Nf8 22. Rf1 Nh7 23. Bxe6 Rxe6 24. Rad1 Qxa5 25. Qb3 Re7 26. Rxd8+ Qxd8 27. Nxe5 Rxe5 28. Rxf7 Kh8 29. Rxb7 Rb5 30. Qf7 Rxb7 31. Qxb7 Nf6 32. Qxc6 a5 33. e5 Ng4 34. Qf3 Nxe5 35. Qf5 Nc4 36. e4 Nxb2 37. e5 a4 38. e6 a3 39. Qf7 a2 40. Qa7 Qd1+ 41. Kh2 a1Q 42. Qb8+ Kh7 43. Qe5 Qh1+ 44. Kg3 Qae1+ 0-1

[Event "CRO-ch U17/19"]
[Site "Split"]
[Date "2022.07.29"]
[Round "7"]
[White "Levacic, Matej"]
[Black "Ljubicic, Mario"]
[Result "1-0"]
[WhiteElo "2015"]
[BlackElo "2020"]
[PlyCount "129"]
[EventDate "2022.07.25"]
[EventType "swiss"]
[EventRounds "9"]
[EventCountry "CRO"]
[SourceTitle "EXT 2023"]
[Source "ChessBase"]
[SourceDate "2022.10.05"]
[SourceVersion "1"]
[SourceVersionDate "2022.10.05"]
[SourceQuality "1"]

1. d4 Nf6 2. g3 g6 3. Bg2 Bg7 4. e4 0-0 5. Nc3 d6 6. Nge2 c5 7. 0-0 cxd4 8. Nxd4 Qb6 9. Nb3 Nc6 10. Be3 Qc7 11. h3 Be6 12. Nd4 Nxd4 13. Bxd4 a6 14. Re1 Rac8 15. a4 Qd7 16. Kh2 Rc4 17. e5 Ne8 18. f4 dxe5 19. Bxe5 Nd6 20. Bxg7 Kxg7 21. b3 Rc7 22. Nd5 Bxd5 23. Bxd5 e6 24. Bg2 Nf5 25. Qxd7 Rxd7 26. Rad1 Rfd8 27. Rxd7 Rxd7 28. g4 Ne7 29. Bf3 Rd2+ 30. Re2 Rd7 31. Kg3 h6 32. a5 g5 33. h4 gxf4+ 34. Kxf4 Ng6+ 35. Kg3 Kf6 36. Re4 Rc7 37. c4 Ne5 38. Be2 Rd7 39. b4 Nc6 40. c5 e5 41. b5 Nxa5 42. bxa6 bxa6 43. Ra4 Nb3 44. Rxa6+ Kg7 45. c6 Rc7 46. Bf3 Nd4 47. Be4 Kf6 48. Rb6 Ke6 49. Rb7 Kd6 50. g5 h5 51. Rxc7 Kxc7 52. Bd5 Nxc6 53. Bxf7 Kd6 54. Bxh5 Ke6 55. Kf3 Kf5 56. Bg4+ Kg6 57. Ke4 Nd8 58. Kxe5 Nf7+ 59. Kf4 Kg7 60. Be6 Nd6 61. h5 Kh7 62. Ke5 Ne8 63. Bf7 Nc7 64. Kf6 Kh8 65. h6 1-0

[Event "CRO-ch U17"]
[Site "Split"]
[Date "2021.07.27"]
[Round "4"]
[White "Ljubicic, Mario"]
[Black "Baturina, Marin"]
[Result "1-0"]
[WhiteElo "1948"]
[BlackElo "1682"]
[PlyCount "73"]
[EventDate "2021.07.25"]
[EventType "swiss"]
[EventRounds "9"]
[EventCountry "CRO"]
[SourceTitle "EXT 2022"]
[Source "ChessBase"]
[SourceDate "2021.10.06"]
[SourceVersion "1"]
[SourceVersionDate "2021.10.06"]
[SourceQuality "1"]

1. e4 c5 2. Nf3 e6 3. d3 Nc6 4. g3 d5 5. Qe2 Nge7 6. Bg2 g6 7. c3 Bg7 8. 0-0 0-0 9. e5 b6 10. c4 Qc7 11. Bf4 Bb7 12. Nc3 Rad8 13. Nb5 Qd7 14. Nd6 Ba8 15. h4 Nc8 16. Nxc8 Qxc8 17. Qe3 dxc4 18. dxc4 Nd4 19. Rad1 Nxf3+ 20. Bxf3 Bxf3 21. Qxf3 Qc7 22. Qe4 Rfe8 23. a4 Rd7 24. b3 Red8 25. Rd6 Bf8 26. Rfd1 Rxd6 27. exd6 Bxd6 28. Qd3 Qc6 29. Bxd6 f5 30. f3 h6 31. Kf2 g5 32. hxg5 hxg5 33. Qd2 Kf7 34. Qxg5 Rxd6 35. Rh1 Ke8 36. Rh8+ Kf7 37. Rh7+ 1-0

[Event "CRO-ch U17"]
[Site "Split"]
[Date "2021.07.26"]
[Round "3"]
[White "Matosin, Jurica"]
[Black "Ljubicic, Mario"]
[Result "0-1"]
[WhiteElo "1739"]
[BlackElo "1948"]
[PlyCount "56"]
[EventDate "2021.07.25"]
[EventType "swiss"]
[EventRounds "9"]
[EventCountry "CRO"]
[SourceTitle "EXT 2022"]
[Source "ChessBase"]
[SourceDate "2021.10.06"]
[SourceVersion "1"]
[SourceVersionDate "2021.10.06"]
[SourceQuality "1"]

1. d4 Nf6 2. Bf4 g6 3. Nc3 Bg7 4. e4 d6 5. Qd2 0-0 6. Nf3 c5 7. d5 Qb6 8. Rb1 Na6 9. Be2 Bd7 10. h3 Qa5 11. Nh2 Nc7 12. Ng4 b5 13. Bh6 b4 14. Bxg7 Kxg7 15. Qh6+ Kg8 16. Nxf6+ exf6 17. Nd1 Rfe8 18. 0-0 Rxe4 19. Bd3 Re5 20. Ne3 Bb5 21. Ng4 Nxd5 22. Nxe5 dxe5 23. Bxb5 Qxb5 24. Qd2 Nf4 25. Qd6 Kg7 26. Rbd1 Qc4 27. Qc6 Rf8 28. Qa4 Qe4 0-1

[Event "CRO-chT U20 29th"]
[Site "Cakovec"]
[Date "2020.07.17"]
[Round "7.3"]
[White "Dumancic, Simun"]
[Black "Ljubicic, Mario"]
[Result "1/2-1/2"]
[WhiteElo "1920"]
[BlackElo "1966"]
[PlyCount "145"]
[EventDate "2020.07.14"]
[EventType "team-tourn"]
[EventRounds "11"]
[EventCountry "CRO"]
[SourceTitle "CBM 197 Extra"]
[Source "ChessBase"]
[SourceDate "2020.09.30"]
[SourceVersion "1"]
[SourceVersionDate "2020.09.30"]
[SourceQuality "1"]
[WhiteTeam "Sesvete Agroproteinka U20"]
[BlackTeam "Zadar Casper U20"]
[WhiteTeamCountry "CRO"]
[BlackTeamCountry "CRO"]

1. e4 e5 2. Nf3 Nc6 3. Bc4 Nf6 4. d4 exd4 5. 0-0 d6 6. Nxd4 Nxd4 7. Qxd4 Be6 8. Bxe6 fxe6 9. e5 dxe5 10. Qxe5 Qd5 11. Qe2 0-0-0 12. Nc3 Qf5 13. Be3 Bd6 14. h3 g5 15. Nb5 a6 16. Nxd6+ Rxd6 17. Rad1 Rhd8 18. Rxd6 Rxd6 19. Rd1 Nd5 20. Qh5 Nf6 21. Qe2 Rxd1+ 22. Qxd1 g4 23. hxg4 Nxg4 24. Qd4 e5 25. Qd5 Nf6 26. Qf7 b6 27. a4 a5 28. Qc4 Kb7 29. Qf7 h5 30. Qc4 e4 31. c3 Ng4 32. Qd4 h4 33. b4 axb4 34. cxb4 h3 35. gxh3 Ne5 36. Qd5+ Ka7 37. Qd8 Nf3+ 38. Kf1 Qe5 39. Qd1 Qc3 40. a5 Qc4+ 41. Kg2 Qg8+ 42. Kf1 Qg7 43. axb6+ cxb6 44. b5 Nh2+ 45. Ke2 Qb2+ 46. Qd2 Qxb5+ 47. Kd1 Qa4+ 48. Qc2 Qa1+ 49. Qc1 Qa4+ 50. Qc2 Qd7+ 51. Qd2 Qe6 52. Qa5+ Kb7 53. Qxb6+ Qxb6 54. Bxb6 Kxb6 55. Ke2 Kc5 56. h4 Kd4 57. h5 Nf3 58. h6 Ng5 59. Kd2 Nh7 60. Ke2 Nf6 61. Kd2 Nh7 62. Ke2 Nf6 63. Kd2 Ke5 64. Ke3 Nd5+ 65. Kd2 Kf6 66. Kc2 Kg6 67. Kb3 Kxh6 68. Kc4 Nf6 69. Kd4 Kg5 70. Ke5 Kg6 71. Kf4 Kh5 72. f3 exf3 73. Kxf3 1/2-1/2

[Event "CRO-chT U20 29th"]
[Site "Cakovec"]
[Date "2020.07.16"]
[Round "5.4"]
[White "Ljubicic, Mario"]
[Black "Haidinger, Erik"]
[Result "1/2-1/2"]
[WhiteElo "1966"]
[BlackElo "1767"]
[PlyCount "153"]
[EventDate "2020.07.14"]
[EventType "team-tourn"]
[EventRounds "11"]
[EventCountry "CRO"]
[SourceTitle "CBM 197 Extra"]
[Source "ChessBase"]
[SourceDate "2020.09.30"]
[SourceVersion "1"]
[SourceVersionDate "2020.09.30"]
[SourceQuality "1"]
[WhiteTeam "Zadar Casper U20"]
[BlackTeam "Crikvenica U20"]
[WhiteTeamCountry "CRO"]
[BlackTeamCountry "CRO"]

1. e4 c5 2. Nf3 d6 3. d4 cxd4 4. Nxd4 Nf6 5. Nc3 g6 6. f3 Bg7 7. Be3 0-0 8. Qd2 Nc6 9. 0-0-0 d5 10. exd5 Nxd5 11. Nxd5 Qxd5 12. Nxc6 Qxc6 13. Bh6 Bf5 14. Bxg7 Kxg7 15. Bd3 Rfd8 16. Qe2 Be6 17. h4 Qd5 18. b3 Qd4 19. Kb1 Qf6 20. h5 a5 21. hxg6 hxg6 22. Qd2 a4 23. Qh6+ Kg8 24. Qh7+ Kf8 25. Qh8+ Qxh8 26. Rxh8+ Kg7 27. Rh4 axb3 28. axb3 Rd6 29. Rb4 b6 30. Kb2 Bf5 31. g4 Bxd3 32. Rxd3 Rad8 33. Re3 e6 34. Rc3 R8d7 35. Rc8 Rb7 36. Kc3 Rd5 37. Rc6 b5 38. f4 g5 39. fxg5 Rxg5 40. Kd3 Rd7+ 41. Ke3 Rd1 42. Rc7 Kg6 43. Rb7 Rdd5 44. Rf4 f5 45. gxf5+ Rdxf5 46. Rxf5 Rxf5 47. Ke4 Rc5 48. Kd3 Rd5+ 49. Ke3 Rc5 50. Kd2 Kf5 51. b4 Rd5+ 52. Ke3 Re5+ 53. Kd3 Rd5+ 54. Ke3 Re5+ 55. Kf3 Rd5 56. Rc7 Ke5 57. Ke3 Kd6 58. Rc8 Ke5 59. Rc6 Rd1 60. Rc5+ Rd5 61. Rc8 Rd1 62. Rb8 Rd5 63. Rb6 Kf5 64. Rc6 Ke5 65. Rc7 Kd6 66. Rc8 Ke5 67. Rh8 Kd6 68. Ke4 Re5+ 69. Kd4 Rd5+ 70. Kc3 Ke5 71. Rc8 Rd1 72. Kb3 Rb1+ 73. Ka2 Rxb4 74. Rc5+ Kd4 75. Rc6 Rc4 76. Rxe6 Rxc2+ 77. Kb3 1/2-1/2

[Event "CRO-ch U17/U19"]
[Site "Vinkovci"]
[Date "2019.07.28"]
[Round "9"]
[White "Ljubicic, Mario"]
[Black "Baric, Marko"]
[Result "0-1"]
[WhiteElo "1834"]
[BlackElo "1862"]
[PlyCount "82"]
[EventDate "2019.07.22"]
[EventType "swiss"]
[EventRounds "9"]
[EventCountry "CRO"]
[SourceTitle "EXT 2020"]
[Source "ChessBase"]
[SourceDate "2019.10.17"]
[SourceVersion "1"]
[SourceVersionDate "2019.10.17"]
[SourceQuality "1"]

1. e4 c5 2. Nf3 Nc6 3. d4 cxd4 4. Nxd4 g6 5. c4 Nf6 6. Nc3 d6 7. Be3 Bg7 8. f3 0-0 9. Qd2 Nxd4 10. Bxd4 Be6 11. g4 Qa5 12. Rc1 Nd7 13. Bxg7 Kxg7 14. Be2 Rac8 15. b3 a6 16. h4 h6 17. f4 f5 18. gxf5 gxf5 19. Bd3 Nc5 20. Bb1 fxe4 21. Rg1+ Kh7 22. b4 Qxb4 23. Bxe4+ Nxe4 24. Qg2 Ng5 25. hxg5 Rxf4 26. Qh2 Qxc4 27. Qxh6+ Kg8 28. Qg6+ Kf8 29. Rh1 Qd4 30. Qh6+ Qg7 31. Qxe6 Rxc3 32. Ke2 Rxc1 33. g6 Qe5+ 34. Qxe5 dxe5 35. Rxc1 Rb4 36. Rc7 Rb6 37. Ke3 Rxg6 38. Rxb7 Rg4 39. Rb6 Ra4 40. Re6 Rxa2 41. Rxe5 Kf7 0-1

[Event "CRO-ch U17/U19"]
[Site "Vinkovci"]
[Date "2019.07.25"]
[Round "5"]
[White "Ljubicic, Mario"]
[Black "Sos, Fran"]
[Result "0-1"]
[WhiteElo "1834"]
[BlackElo "1951"]
[PlyCount "56"]
[EventDate "2019.07.22"]
[EventType "swiss"]
[EventRounds "9"]
[EventCountry "CRO"]
[SourceTitle "EXT 2020"]
[Source "ChessBase"]
[SourceDate "2019.10.17"]
[SourceVersion "1"]
[SourceVersionDate "2019.10.17"]
[SourceQuality "1"]

1. e4 g6 2. d4 Nf6 3. e5 Nh5 4. Be2 d6 5. Bxh5 gxh5 6. Nf3 Rg8 7. h3 dxe5 8. Nxe5 Qd5 9. Qf3 Qxf3 10. gxf3 Nd7 11. Bf4 Nxe5 12. Bxe5 Bf5 13. c3 0-0-0 14. Nd2 Bh6 15. h4 f6 16. Bg3 e5 17. Nb3 exd4 18. Nxd4 Bd3 19. f4 Rge8+ 20. Kd2 Be4 21. f3 Bxf3 22. Rhf1 Be4 23. Kc1 Rg8 24. Be1 c5 25. Nb3 Bd3 26. Rh1 Bxf4+ 27. Bd2 Bxd2+ 28. Nxd2 Rg2 0-1

[Event "CRO-ch U15"]
[Site "Trogir"]
[Date "2019.06.21"]
[Round "7"]
[White "Ljubicic, Mario"]
[Black "Novosel, Lovro"]
[Result "0-1"]
[WhiteElo "1945"]
[BlackElo "1672"]
[PlyCount "174"]
[EventDate "2019.06.17"]
[EventType "swiss"]
[EventRounds "9"]
[EventCountry "CRO"]
[SourceTitle "EXT 2020"]
[Source "ChessBase"]
[SourceDate "2019.10.17"]
[SourceVersion "1"]
[SourceVersionDate "2019.10.17"]
[SourceQuality "1"]

1. e4 c5 2. Nf3 a6 3. d4 cxd4 4. Nxd4 e5 5. Nf3 Qc7 6. a3 Nf6 7. Nc3 h6 8. Be3 d6 9. Be2 Be6 10. 0-0 Be7 11. h3 0-0 12. Nh2 Nbd7 13. Kh1 b5 14. Ng4 Kh7 15. f4 Rac8 16. f5 Bc4 17. Nxf6+ Nxf6 18. Bxc4 Qxc4 19. Qf3 a5 20. Rad1 Rfd8 21. Bb6 b4 22. Nd5 Nxd5 23. Rxd5 Rd7 24. Bxa5 bxa3 25. bxa3 Rb7 26. Bb4 Qxc2 27. Rd2 Qc6 28. Rfd1 Rd8 29. Rd3 Rdd7 30. Rc3 Qb6 31. Rc8 Rbc7 32. f6 Bxf6 33. Rf8 Bg5 34. Ra8 Qb7 35. Ra5 Rc6 36. Rad5 Qc7 37. Bd2 Bxd2 38. R1xd2 Rc3 39. Qf2 Rxa3 40. Kh2 Ra4 41. Qf3 Rc4 42. Rd1 Kg8 43. Qd3 Rc3 44. Qf1 Rc5 45. R5d3 Qc6 46. Qf3 Qc7 47. R1d2 Qd8 48. Qf5 Qe7 49. Rd1 g6 50. Qg4 Kg7 51. R1d2 Rc4 52. Qe2 Qf6 53. g3 h5 54. Rf3 Qe6 55. Rfd3 Rc5 56. Qd1 Rc6 57. Qf3 Rc8 58. Qd1 Rcd8 59. Rd5 Qf6 60. R5d3 Kf8 61. Rf3 Qg5 62. Rfd3 Ke7 63. Qf3 f5 64. exf5 gxf5 65. Rd5 Rg8 66. Qd3 e4 67. Qc3 Qf6 68. Qc4 Rg6 69. Rf2 Qg5 70. Qc3 e3 71. Rg2 h4 72. Qh8 hxg3+ 73. Kg1 Qf6 74. Qh7+ Rg7 75. Qh5 Ra7 76. Rd1 Ra1 77. Rc2 Rxd1+ 78. Qxd1 Qe5 79. Rc7+ Kf6 80. Rc6 Rd7 81. Rc8 e2 82. Qe1 f4 83. Rc3 Qd4+ 84. Kg2 Qe4+ 85. Rf3 Rc7 86. Qa1+ Kg6 87. h4 e1N+ 0-1